000
00269nam a2200097Ia 4500
001
722947
005
20250826163321.0
008
250824s9999 xx 000 0 und d
245
0
_a
DİNDAR BEYİN İNSANIN NÖROTELOJİK BOYUTU
_c
ERİMAN TOPBAŞ
260
_b
PANAMA YAYINLARI
999
_c
722947
_d
722947